000 00899cab a2200253 4500
001 WB3428-11
008 090401t1998 xxu||||| |||| 00| 0 eng d
035 _a(Sirsi) u87555
041 _aeng
245 _aDilapidated wildlife sites may be seized
260 _c1998
350 _a0
490 _aDaily Telegraph
_v22 July 1998, 4(1)
520 _aSites of Special Scientific Interest may be seized by government if landowners and farmers fail to look after them. Government is considering legislation to protect these sites following a survey by English Nature which showed that up to 45 per cent of SSSIs had been damaged or neglected.
650 _aENGLISH NATURE
650 _aFARMERS
650 _aLANDOWNERS
650 _aNEGLECT
650 _aSITES OF SPECIAL SCIENTIFIC INTEREST
650 _aWILDLIFE SITES
690 _aCONSERVATION
942 _n0
948 _c22/07/1998
999 _c55241
_d55241